| 000 | 01678nam a2200313 i 4500 | ||
|---|---|---|---|
| 003 | OSt | ||
| 005 | 20201222123044.0 | ||
| 008 | 201222t20102018couaf gr|||| 00| 0 may d | ||
| 020 |
_a9780307589743 _cRM49.90 _qpaperback |
||
| 040 |
_aPPAK _beng _cPPAK _erda |
||
| 082 | 0 | 4 |
_223 _a248.86 |
| 090 | 0 | 0 |
_a248.86 _bVUJ _dG |
| 100 | 1 |
_aVujicic, Nick, _eauthor. |
|
| 245 | 1 | 0 |
_aLIFE WITHOUT LIMITS / _cNICK VUJICIC |
| 246 | 1 | 5 |
_aLife without limits : _binspirations for a ridiculously good life |
| 264 | 1 |
_aColorado Springs, CO : _bWaterbrook Press, _c2018 |
|
| 264 | 4 | _c©2010 | |
| 300 |
_aviii, 278 pages, 8 unnumbered pages of plates : _bcolor illustrations ; _c20 cm |
||
| 336 |
_2rdacontent _atext |
||
| 337 |
_2rdamedia _aunmediated |
||
| 338 |
_2rdacarrier _avolume |
||
| 505 |
_tIf you can't get a miracle, become one --
_tNo arms, no legs, no limits -- _tFull assurance in the heart -- _tLove the perfectly imperfect you -- _t Attitude is altitude -- _tArmless but not harmless -- _tDon't let your face plant grow roots -- _tThe new bloke in the bushes -- _tTrust others, more or less -- _tAn equal opportunity hugger -- _tThe ridiculous rules -- _tMake giving your mission. |
||
| 520 | _aBorn without arms or legs, Vujicic overcame his disability to live not just independently but a rich, fulfilling life, becoming a model for anyone seeking true happiness. Now an internationally successful motivational speaker, his central message is finding life's purpose. | ||
| 600 | 1 | _aVujicic, Nick , | |
| 650 | 1 | 0 | _aChristian life |
| 650 | 2 | 0 |
_aHappiness _vReligious aspects _xChristianity |
| 650 | 2 | 0 |
_aSuccess _vReligious aspects _xChristianity |
| 942 |
_2ddc _cB |
||
| 999 |
_c180710 _d180710 |
||